| 000 | 00464nam a2200169Ia 4500 | ||
|---|---|---|---|
| 999 |
_c19801 _d19801 |
||
| 003 | OSt | ||
| 005 | 20200629141249.0 | ||
| 008 | 190216s9999||||xx |||||||||||||| ||und|| | ||
| 040 | _coclc | ||
| 082 |
_a930.1 _bPLA/W |
||
| 100 |
_aPlatt, Colin _93320 |
||
| 245 | 0 |
_aWorld Archaeology / _cColin Platt |
|
| 250 | _aVOL 15. | ||
| 260 |
_bThames And Hudson, _c1983. _a London: |
||
| 300 | _a237p | ||
| 942 |
_cBK _2ddc _h930.1 _iPLA/W _k930.1 _mPLA/W |
||